Statistiques concernant Club en D1 Belge depuis 1896

Cliquez ici pour prendre le quiz!

Statistiques générales

  • Ce quiz a été pris 46 fois
  • Le résultat moyen est 14 sur 82

Statistiques - réponses

nombres de saisonspremière saisonRéponse% Correct
1061909-1910Standard de Liège
83%
921921-1922RSC Anderlecht
78%
601903-1904Union St Gilloise
75%
1011895-1896Club Bruges
65%
831901-1902Cercle Bruges
63%
851913-1914La Gantoise
60%
411974-1975KRC Genk
58%
1021895-1896Royal Antwerp FC
55%
431934-1935RWDM
53%
82010-2011KAS Eupen
45%
11898-1899Oostendensche FC
35%
112011-2012Oud-Heverlee Leuven
35%
182005-2006SV Zulte Waregem
35%
361907-1908KV Courtrai
33%
191997-1998KVC Westerlo
33%
92002-2003RAEC Mons
33%
21895-1896Sporting CB
33%
671895-1896RFC Liège
30%
811901-1902Beerschot VAC
25%
721921-1922KV Malines
23%
461957-1958Saint-Trond VV
23%
101992-1993KFC Lommelse SK
20%
91975-1976RAAL Louviéroise
20%
401895-1896Racing CB
20%
581947-1948Sporting de Charleroi
20%
421975-1976KSC Lokeren
15%
92012-2013Waasland Beveren
15%
481903-1904Daring CB
13%
22007-2008FCV Dender EH
13%
281966-1967K. SV Waregem
13%
12008-2009AFC Tubize
10%
141993-1994KV Oostende
10%
41969-1970R. CC de Schaerbeek
10%
201900-1901R.CS Verviétois
10%
251950-1951K Beringen FC
8%
52005-2006KSV Roulers
8%
751927-1928Lierse SK
8%
11960-1961Patro Eisden
8%
211925-1926RFC Tilleur
8%
141996-1997Royal Excelsior Mouscron
8%
151954-1955Waterschei SV THOR
8%
241989-1990Beerschot AC
5%
31931-1932FC Turnhout
5%
91938-1939K Boom FC
5%
11999-2000KFC Verbroedering Geel
5%
201908-1909KRC Gand
5%
321910-1911KRC Maline
5%
371967-1968KSK Beveren
5%
21981-1982K SK Tongeren
5%
181895-1896Léopold CB
5%
31984-1985Racing Jet Bruxelles
5%
22021-2022RFC Seraing (167)
5%
241937-1938ROC Charleroi
5%
72014-2015Royal Excel Mouscron
5%
181941-1942SC Eendracht Aalst
5%
31945-1946Sint-Niklaasse SK Excelsior
5%
11895-1896Union FC Ixelles
5%
11937-1938VK Tirlemont
5%
41969-1970AS Oostende
3%
11898-1899Athletic Club Gantois
3%
91896-1897Athletic et Running club de Bruxelles
3%
21933-1934Belgica Edegem Sport
3%
411922-1923Brechem Sport
3%
51926-1927CS La Forestoise
3%
51908-1909Excelsior Bruxelles
3%
11899-1900FC Courtraisien
3%
91961-1962KFC Diest
3%
61995-1996K RC Zuid West Vlaanderen
3%
11979-1980K. SC Hasselt
3%
12003-2004KVV Heusden-Zolder
3%
121932-1933KVV Lyra
3%
11903-1904Olympia CB
3%
81983-1984R. FC Seraing (17)
3%
11958-1959R. RC Tournaisien
3%
11930-1931RRFC Montegnée
3%
11951-1952R. US Tournaisienne
3%
42005-2006RWDM Brussels FC
3%
31899-1900Skill Fc Bruxelles
3%
11898-1899Sport pédestre de Gand
3%
11949-1950Stade Louvaniste
3%
21930-1931Tubantia Borgerhout
3%
41947-1948Uccle Sport
3%

Distribution des résultats

Percentile par nombre de réponses

% des personnes avec chaque résultat

Votre développement - résultats

Vous n’avez pas pris ce quiz